000 00420nam a2200169Ia 4500
001 7568
003 IN-NITTTR
005 20251114233029.0
008 251113s9999||||xx |||||||||||||| ||eng||
040 _beng
040 _cIN-NITTTR
041 _aeng
082 _a370.153 K281B
245 0 _aBehavior modification :
_b applications to education /
_cKeller, Fred S, ed.
700 _aKeller, Fred S
942 _2ddc
_cBK
999 _c10206
_d10206